Skip to main content
Your cart is empty.
Your lists
Log in to create your own lists
Your cookies
العربية
English
العربية
Home
Search
Advanced search
Authority search
About
The noble scholar, jurist, historian
His Excellency Dr. Abdul Wahhab bin Ibrahim Abu Sulaiman, may Allah have mercy on him.
He was born in Umm Al-Qura in the year 1356 AH.
Library catalog
Title
Author
Subject
ISBN
ISSN
Series
Call number
Log in to your account
×
Login:
Password:
Home
MARC view: إمارة الحج في عصر الدولة المملوكية وأثرها على الأوضاع الداخلية بمكة المكرمة 648-923 هـ / 1258-1517 م /
Normal view
MARC view
ISBD view
إمارة الحج في عصر الدولة المملوكية وأثرها على الأوضاع الداخلية بمكة المكرمة 648-923 هـ / 1258-1517 م / (Record no. 8270)
[
view plain
]
MARC details
000 -LEADER
fixed length control field
01511ctm a22003011a 4500
003 - CONTROL NUMBER IDENTIFIER
control field
SA-RiAUC
005 - DATE AND TIME OF LATEST TRANSACTION
control field
20250523142929.0
007 - PHYSICAL DESCRIPTION FIXED FIELD--GENERAL INFORMATION
fixed length control field
co ug ---uuauu
008 - FIXED-LENGTH DATA ELEMENTS--GENERAL INFORMATION
fixed length control field
250521s1999 su fsbm 00000 ara c
040 ## - CATALOGING SOURCE
Original cataloging agency
SA-JeALM
Language of cataloging
ara
Transcribing agency
SA-RiAUC
Description conventions
rda
043 ## - GEOGRAPHIC AREA CODE
Geographic area code
a-su---
082 04 - DEWEY DECIMAL CLASSIFICATION NUMBER
Classification number
953.121
Assigning agency
SA-RiAUC
090 ## - LOCALLY ASSIGNED LC-TYPE CALL NUMBER (OCLC); LOCAL CALL NUMBER (RLIN)
Classification number (OCLC) (R) ; Classification number, CALL (RLIN) (NR)
ر 953.121
Local cutter number (OCLC) ; Book number/undivided call number, CALL (RLIN)
ع ب د
100 1# - MAIN ENTRY--PERSONAL NAME
Personal name
العبدلي، عائشة مانع عبيد
245 10 - TITLE STATEMENT
Title
إمارة الحج في عصر الدولة المملوكية وأثرها على الأوضاع الداخلية بمكة المكرمة 648-923 هـ / 1258-1517 م /
Statement of responsibility, etc.
إعداد عائشة مانع عبيد العبدلي ؛ إشراف جميل عبد الله محمد المصري.
260 ## - PUBLICATION, DISTRIBUTION, ETC.
Date of publication, distribution, etc.
1999
264 ## - PRODUCTION, PUBLICATION, DISTRIBUTION, MANUFACTURE, AND COPYRIGHT NOTICE
Place of production, publication, distribution, manufacture
مكة المكرمة :
Name of producer, publisher, distributor, manufacturer
جامعة ام القرى.
Date of production, publication, distribution, manufacture, or copyright notice
1999
300 ## - PHYSICAL DESCRIPTION
Extent
375 صفحة.
Dimensions
30سم.
500 ## - GENERAL NOTE
General note
إشراف : جميل عبد الله محمد المصري.
502 ## - DISSERTATION NOTE
Dissertation note
أطروحة (ماجستير)-جامعة أم القرى، كلية الشريعة، الدراسات العليا التاريخية والحضارية، 1999.
504 ## - BIBLIOGRAPHY, ETC. NOTE
Bibliography, etc. note
يشتمل على إرجاعات ببليوجرافية.
650 #7 - SUBJECT ADDED ENTRY--TOPICAL TERM
Topical term or geographic name entry element
الحجاج
Form subdivision
أقراص مدمجة
Source of heading or term
aucsh
650 #7 - SUBJECT ADDED ENTRY--TOPICAL TERM
Topical term or geographic name entry element
الحج
General subdivision
تاريخ
Source of heading or term
aucsh
650 #7 - SUBJECT ADDED ENTRY--TOPICAL TERM
Topical term or geographic name entry element
المماليك
General subdivision
تاريخ
Source of heading or term
aucsh
651 #7 - SUBJECT ADDED ENTRY--GEOGRAPHIC NAME
Geographic name
مكة المكرمة
General subdivision
تاريخ
Chronological subdivision
العصر المملوكي، 648-922 هجري
Source of heading or term
aucsh
942 ## - ADDED ENTRY ELEMENTS (KOHA)
Source of classification or shelving scheme
Dewey Decimal Classification
Koha item type
رسالة علمية
Suppress in OPAC
No
949 ## - LOCAL PROCESSING INFORMATION (OCLC)
a
SA-JeALM
d
250521
u
osman123
n
1
Holdings
Withdrawn status
Lost status
Source of classification or shelving scheme
Damaged status
Not for loan
Home library
Current library
Date acquired
Total checkouts
Full call number
Barcode
Date last seen
Price effective from
Koha item type
Dewey Decimal Classification
DR AbdElwahab Library
DR AbdElwahab Library
05/23/2025
ر 953.121 ع ب د
000013778
05/23/2025
05/23/2025
رسالة علمية
Place hold
Print
Add to your cart
(remove)
Save record
BIBTEX
Dublin Core
MARCXML
MARC (non-Unicode/MARC-8)
MARC (Unicode/UTF-8)
MARC (Unicode/UTF-8, Standard)
MODS (XML)
RIS
ISBD
More searches
Search for this title in:
Other Libraries (WorldCat)
Other Databases (Google Scholar)
Online Stores (Bookfinder.com)
Open Library (openlibrary.org)
Exporting to Dublin Core...
×
Simple DC-RDF
OAI-DC
SRW-DC